| 000 -LEADER |
| fixed length control field |
01086nam a2200265Ia 4500 |
| 001 - CONTROL NUMBER |
| control field |
18148 |
| 003 - CONTROL NUMBER IDENTIFIER |
| control field |
GE_BSU |
| 008 - FIXED-LENGTH DATA ELEMENTS--GENERAL INFORMATION |
| fixed length control field |
181216s||||||||xx |||||||||||||| ||und|| |
| 020 ## - INTERNATIONAL STANDARD BOOK NUMBER |
| International Standard Book Number |
978-99940-945-1-6 |
| 040 ## - CATALOGING SOURCE |
| Transcribing agency |
GE_BSU |
| 080 ## - UNIVERSAL DECIMAL CLASSIFICATION NUMBER |
| Universal Decimal Classification number |
811.353.1'367.625 |
| 100 ## - MAIN ENTRY--PERSONAL NAME |
| Personal name |
ფეიქრიშვილი, ჟუჟუნა |
| 245 ## - TITLE STATEMENT |
| Title |
მესამე სერიის მწკრივები ახალ სალიტერატურო ქართულში |
| 245 ## - TITLE STATEMENT |
| Statement of responsibility, etc. |
რედ. ივ. ქავთარაძე |
| 260 ## - PUBLICATION, DISTRIBUTION, ETC. |
| Place of publication, distribution, etc. |
თბილისი |
| 260 ## - PUBLICATION, DISTRIBUTION, ETC. |
| Name of publisher, distributor, etc. |
გამ-ბა " ჯანსუღ ღვინჯილია |
| 260 ## - PUBLICATION, DISTRIBUTION, ETC. |
| Date of publication, distribution, etc. |
2007 |
| 300 ## - PHYSICAL DESCRIPTION |
| Extent |
167 გვ. ; 20 სმ. |
| 300 ## - PHYSICAL DESCRIPTION |
| Dimensions |
ბიბლიოგრ.: გვ. 159-164. |
| 520 ## - SUMMARY, ETC. |
| Summary, etc. |
შენიშვნ.: გვ. 134-152 |
| 653 ## - INDEX TERM--UNCONTROLLED |
| Uncontrolled term |
ზმნა ქართულ ენაში |
| 653 ## - INDEX TERM--UNCONTROLLED |
| Uncontrolled term |
მესამე სერიის მწკრივები ახალ სალიტერატურო ქართულში |
| 942 ## - ADDED ENTRY ELEMENTS (KOHA) |
| Koha item type |
წიგნი |